000 00305nam a2200121 a 4500
001 000002707
005 20200929150236.0
008 090703s2004 000 spa d
020 _a8487040821
245 0 _aDiccionario de bibliología y ciencias afines.
260 _aAsturias,
_c2004.
999 _c2543
_d2543
040 _aDO-SdBNP